000 01161nam a2200277 4500
005 20260306134550.0
007 ta
008 220524s1999 ve |||||r|||| 00| 0 spa d
020 _a9803540696
040 _avecauma
_cvecauma
_dvecauma
099 _aJA75.7
_bC3
100 1 _91141
_aCastro Leiva, Luis,
_d1943-1999
245 1 0 _aSed buenos ciudadanos
260 _aCaracas :
_bAlfadil :
_bInstituto Universitario Seminario Interdiocesano,
_c1999.
300 _a239 p.
490 0 _aColección trópicos
_v64
490 0 _aColección Santa Rosa de Lima
_v4
504 _aIncluye referencias bibliográficas.
520 _aLos ensayos que componen este libro tienen un horizonte común: el de desmontar las fragilidades, confusiones, paradojas y certezas de nuestra cultura pública, develando las prácticas y costumbres que componen el retrato colectivo de un país que por narciso no se quiere ver a sí mismo en su realidad.
650 0 _91140
_aPOLITICA Y CULTURA
650 0 _aETICA POLITICA
_9653
650 0 _aFILOSOFIA POLITICA
_9506
651 0 _aVENEZUELA
_xPOLITICA Y GOBIERNO
_ySIGLO XX
_916
942 _2lcc
_n0
_cBK
999 _c825
_d825